Little Bear / (Record no. 103791)
[ view plain ]
| 000 -LEADER | |
|---|---|
| fixed length control field | 00623nam a2200181 a 4500 |
| 005 - DATE AND TIME OF LATEST TRANSACTION | |
| control field | 20140412111308.0 |
| 008 - FIXED-LENGTH DATA ELEMENTS--GENERAL INFORMATION | |
| fixed length control field | 030415s19uu xx 00 eng d |
| 050 ## - LIBRARY OF CONGRESS CALL NUMBER | |
| Classification number | ER |
| Item number | Li72 |
| 100 ## - MAIN ENTRY--PERSONAL NAME | |
| Personal name | Minarik, Else Homelund |
| 245 ## - TITLE STATEMENT | |
| Title | Little Bear / |
| Statement of responsibility, etc | by Else Homelund Minarik. |
| 260 ## - PUBLICATION, DISTRIBUTION, ETC. (IMPRINT) | |
| Place of publication, distribution, etc | Columbus, Ohio : |
| Name of publisher, distributor, etc | Weekly Reader Books. |
| 300 ## - PHYSICAL DESCRIPTION | |
| Extent | 63 p. ; ill. |
| 440 ## - SERIES STATEMENT/ADDED ENTRY--TITLE | |
| Title | An Early I Can Read Book |
| 520 ## - SUMMARY, ETC. | |
| Summary, etc | It's Little Bear's birthday. But Mother Bear is nowhere to be seen. And there's no birthday cake! My goodness! What will Little Bear do? |
| 650 ## - SUBJECT ADDED ENTRY--TOPICAL TERM | |
| Topical term or geographic name as entry element | Bears--Fiction |
| 650 ## - SUBJECT ADDED ENTRY--TOPICAL TERM | |
| Topical term or geographic name as entry element | Short stories |
| Withdrawn status | Lost status | Damaged status | Use restrictions | Home library | Current library | Shelving location | Date acquired | Source of acquisition | Total Checkouts | Full call number | Barcode | Date last seen | Price effective from | Koha item type |
|---|---|---|---|---|---|---|---|---|---|---|---|---|---|---|
| Elizalde Library | Elizalde Library | Easy Reading Section | 04/15/2003 | ER Li72 | E5890 | 04/12/2014 | 04/12/2014 | Books |